A hostage to fortune

Bibliographic Details
Main Author: Gann, Ernest K
Format: Book
Published: London : Hodder and Stoughton , 1978
Subjects:

MARC

LEADER 00000cam a2200000 7i4500
001 0000000548
002 000000634
005 20080130.0
020 |a T000000132 
090 0 0 |a 920   |b GAN 
100 1 |a Gann, Ernest K 
245 1 2 |a A hostage to fortune   |c Ernest K. Gann 
260 |a London :   |b Hodder and Stoughton ,   |c 1978 
300 |a 504p 
650 0 0 |a Novelist, American   |y 20th century   |x Biography 
999 |a 0592   |b BUKU   |c PINJAMAN   |e PERPUSTAKAAN KOMUNITI PETALING JAYA